| 000 | 01081nam0a22002651 4500 | ||
|---|---|---|---|
| 001 | rc\1150184 | ||
| 005 | 20041129084634.5 | ||
| 035 | _a(NLR Aleph) 006395692 | ||
| 090 |
_a5192929 _c5192929 |
||
| 100 | _a20041129d1980 u |0rusy50 ca | ||
| 101 | 0 | _arus | |
| 102 | _aRU | ||
| 105 | _aa ||||||||| | ||
| 200 | 1 |
_aМеханизация заготовительного производства _fА.Н. Голюбин |
|
| 210 |
_a[М.] _cОтд. подгот. НИИЭинформэнергомаш _d1980 |
||
| 215 |
_a1 л., слож. в 6 с. _cчерт. _d21 |
||
| 225 | 1 |
_aЭкспресс-информация _fНИИЭинформэнергомаш _v9-80-10 |
|
| 300 | _aБез тит. л. и обл. | ||
| 701 | 1 |
_aГолюбин _bА. Н. |
|
| 712 | 0 | 2 |
_aНИИ экономики, организации производства и техн.-экон. информации в энерг. машиностроении _cМосква _3RU\NLR\AUTH\889940082 |
| 801 | 0 |
_aRU _bNLR _gpsbo |
|
| 801 | 1 |
_aRU _bELAR _2rusmarc |
|
| 852 |
_aNLR _j81-6/1289 |
||
| 942 | _cBOOK | ||
| 980 | _aNB | ||